|
|
|
|
| LEADER |
01107nam a2200277 a 4500 |
| 001 |
0017180 |
| 003 |
BD-DhAAL |
| 008 |
111112s2004 mau bd 001 0 eng |
| 010 |
|
|
|a 2003012195
|
| 020 |
|
|
|a 0631218424
|
| 020 |
|
|
|a 0631218432 (pbk.)
|
| 040 |
|
|
|a DLC
|c DLC
|d DLC
|d BD-DhAAL
|
| 042 |
|
|
|a pcc
|
| 082 |
0 |
0 |
|a 194
|2 21
|
| 100 |
1 |
|
|a Lucy, Niall.
|9 58346
|
| 245 |
1 |
2 |
|a A Derrida dictionary /
|c Niall Lucy.
|
| 260 |
|
|
|a Malden, MA :
|b Blackwell Pub.,
|c c2004.
|
| 300 |
|
|
|a ix, 183 p. ;
|c 24 cm.
|
| 504 |
|
|
|a Includes bibliographical references (p. [168]-173) and index.
|
| 526 |
|
|
|a ENH
|x Prof. Syed Manzoorul Islam
Faculty Member of BRAC University
|
| 541 |
|
|
|e 00017180
|a Friends' Book Corner
|
| 600 |
1 |
0 |
|a Derrida, Jacques
|v Dictionaries.
|9 58347
|
| 852 |
1 |
|
|a Ayesha Abed Library
|c General Stacks
|
| 942 |
|
|
|2 ddc
|c BK
|
| 999 |
|
|
|c 11383
|d 11383
|
| 952 |
|
|
|0 0
|1 0
|2 ddc
|4 0
|6 194_LUC
|7 0
|9 18517
|a BRACUL
|b BRACUL
|c GEN
|d 2011-11-12
|e Friends' Book Corner
|g 2000.00
|l 2
|m 11
|o 194 LUC
|p 3010017180
|r 2016-01-18
|s 2015-12-15
|t 1
|w 2011-11-12
|y BK
|x Requisitioned by Prof. Syed Manzoorul Islam (Faculty Member of BRAC University).
|